00329nam a2200109Ia 450000100070000000500170000700800410002424500380006526000100010399900190011395200870013263977820250826153434.0250824s9999 xx 000 0 und d 0aRuby Rogers OyunbozancSue Limb bALTIN c639778d639778 00104070a1001b1001d2025-08-24l0p100120r2025-08-26 15:34:34w2025-08-26yBK